000 004470000a22001570004500
090 _aAR
_b01401
245 1 0 _aCave adaptation in Amblyopsid fishes
650 1 4 _aCavernas
_993465
650 1 4 _aBioespeleología
_92655
650 1 4 _aAdaptación biológica
_994701
650 1 4 _aTroglobios
_994143
041 0 _aInglés
100 1 _aPoulson, Thomas L.
_994182
942 _cARTICULO
773 1 _tAmerican Midland Naturalist
_3176
_h2
_q257-290
_d1963
_g70
999 _c10486
_d10486